LEADER 01476nam a2200313 u 4500 001 000000035804 003 CaOOAMICUS 005 20070226112628.0 008 980305s1983 it u000 u ita u 035 $a10785563 040 $aPUL(R)$bita 100 1 $aAlbisetti, Alessandro.$0(OLS)http://pul/name/27290 245 10$aGiurisprudenza costituzionale e diritto ecclesiastico /$cAlessandro Albisetti. 260 $aMilano :$bGiuffrè,$c1983. 300 $a130 p. ;$c25 c 490 1 $aUniversità degli studi di Milano. Pubblicazioni dell'Istituto di diritto ecclesiastico ;$v3 504 $aBibliografia in nota. 650 4$aDiritto costituzionale$zItalia.$0(OLS)http://pul/subject/5313 650 4$aDiritto ecclesiastico$zItalia.$0(OLS)http://pul/subject/2957 830 0$aPubblicazioni dell'Istitito di diritto ecclesiastico (Università di Milano) ;$v3.$0(OLS)http://pul/title/49124 850 $aPUL 852 $aPUL$W1$xSL Diritto Canonico 1$y5$m165 A 60$j49043$nBK-PRI$b $qStampati$B49043$CPULBib$Z2$F49043 $H $81 852 $aPUL$W1$xDP1 Fondo Ciprotti$y59$m1544 A 55$j49044$nBK-PRI$b $qFondi$B49044$CPULBib$Z2$F49044 $H $81 941 1 $a8 941 1 $a1 961 $aINV: 66486 961 $aINV: F. Ciprotti 996 $6245$aGiurisprudenza costituzionale e diritto ecclesiastico$9(OLS)http://pul/title/49123 996 $6260$aMilano :$bGiuffrè$9(OLS)http://pul/publisher/48401 LEADER 01249nam a2200289 u 4500 001 000000019094 003 CaOOAMICUS 005 20070226110740.0 008 950323s1953 it u000 u ita u 035 $a10456595 040 $aPUL(R)$bita$dPUL(R) 100 1 $aFabro, Cornelio,$cc.p.s.,$d1911-1995.$0(OLS)http://pul/name/634 245 10$aDio :$bintroduzione al problema teologico /$cCornelio Fabro. 260 $aRoma :$bStudium,$c1953. 300 $a214 p. ;$c20 cm 490 1 $aProfili e sintesi ;$v5 650 4$aDio (filosofia).$0(OLS)http://pul/subject/404 650 4$aTeologia.$0(OLS)http://pul/subject/118 830 0$aProfili e sintesi ;$v5.$0(OLS)http://pul/title/9112 850 $aPUL 852 $aPUL$W1$xSL Filosofia 2$y80$mPhil D4 34l$j26862$nBK-PRI$b $qStampati altre collocazioni$B26862$CPULBib$Z2$F26862 $H $81 852 $aPUL$W1$xDP1 Fondo Cecchetti$y53$m261 D 26$j26863$nBK-PRI$b $qFondi$B26863$CPULBib$Z2$F26863 $H8869 $81 941 1 $a10 941 1 $a1 961 $aINV: Fondo Giannini 996 $6245$aDio :$bintroduzione al problema teologico$9(OLS)http://pul/title/27052 996 $6260$aRoma :$bStudium$9(OLS)http://pul/publisher/47892